[Event "Paul Keres mem (30th)"]
[Site "Vancouver CAN"]
[Date "2005.05.20"]
[Round "1.5"]
[White "Pitre, Hanniegn"]
[Black "Meng, Fanhao"]
[Result "1-0"]
[WhiteElo "1987"]
[BlackElo "2255"]
[PlyCount "65"]
[GameId "2160767910968225"]
[EventDate "2005.05.20"]
[EventType "swiss"]
[EventRounds "7"]
[EventCountry "CAN"]

1. e4 e5 2. f4 exf4 3. Nf3 g5 4. h4 g4 5. Ne5 h5 6. Bc4 Rh7 7. d4 d6 8. Bxf7+ Rxf7 9. Nxf7 Kxf7 10. Bxf4 Bh6 11. O-O Kg7 12. g3 Nc6 13. Nc3 Nce7 14. Qd2 Ng6 15. Nd5 Nxf4 16. Nxf4 Qe8 17. Rae1 Ne7 18. Qc3 Bxf4 19. Rxf4 Ng6 20. d5+ Ne5 21. Ref1 c5 22. Rf6 Qe7 23. Qe3 Qxf6 24. Rxf6 Kxf6 25. Qg5+ Kf7 26. Qxh5+ Ke7 27. Qg5+ Ke8 28. Qf6 Nf7 29. h5 Bd7 30. h6 Rc8 31. h7 b5 32. e5 dxe5 33. d6 1-0

[Event "Paul Keres mem (30th)"]
[Site "Vancouver CAN"]
[Date "2005.05.20"]
[Round "1.6"]
[White "McLaren, Brian"]
[Black "Mandic, Slaven"]
[Result "1-0"]
[WhiteElo "2246"]
[BlackElo "1978"]
[PlyCount "81"]
[GameId "2160767910968226"]
[EventDate "2005.05.20"]
[EventType "swiss"]
[EventRounds "7"]
[EventCountry "CAN"]

1. g3 f5 2. Nf3 Nf6 3. Bg2 e6 4. b3 Be7 5. Bb2 d6 6. d4 O-O 7. c4 Qe8 8. Nc3 a5 9. a3 Ne4 10. Qc2 Qg6 11. e3 Na6 12. Nd2 Nxd2 13. Qxd2 c5 14. Na4 cxd4 15. exd4 f4 16. Qe2 Bd8 17. Be4 Qh6 18. Bc1 e5 19. dxe5 dxe5 20. Bd2 Kh8 21. O-O-O Bd7 22. Nc3 Nc5 23. Bc2 a4 24. b4 Nb3+ 25. Kb2 Nxd2 26. Qxd2 Bc6 27. Be4 fxg3 28. hxg3 Qxd2+ 29. Rxd2 Bxe4 30. Nxe4 Kg8 31. Rd7 Rc8 32. c5 b6 33. Rhd1 bxc5 34. bxc5 Rb8+ 35. Kc3 Rf3+ 36. Kc4 Bf6 37. Ra7 Rxa3 38. Rdd7 Ra2 39. c6 Rc2+ 40. Kd5 Rc8 41. c7 1-0

[Event "Paul Keres mem (30th)"]
[Site "Vancouver CAN"]
[Date "2005.05.20"]
[Round "1.7"]
[White "Kostin, Andrey"]
[Black "Quilter, Thomas"]
[Result "1/2-1/2"]
[WhiteElo "1974"]
[BlackElo "2190"]
[PlyCount "89"]
[GameId "2160767910968227"]
[EventDate "2005.05.20"]
[EventType "swiss"]
[EventRounds "7"]
[EventCountry "CAN"]

1. e4 d5 2. exd5 Nf6 3. d4 Bg4 4. Nf3 Nxd5 5. c4 Nb6 6. Be2 c6 7. b3 e6 8. O-O Be7 9. Nc3 O-O 10. Be3 N8d7 11. c5 Nd5 12. Nxd5 exd5 13. b4 f5 14. a4 Bxf3 15. Bxf3 Nf6 16. Qb3 Ne4 17. Rfe1 Kh8 18. g3 Bg5 19. Bxe4 fxe4 20. b5 Bxe3 21. Rxe3 Qf6 22. Qb2 Rab8 23. Rb3 b6 24. bxc6 Qxc6 25. cxb6 Rxb6 26. Rxb6 axb6 27. a5 bxa5 28. Rxa5 h6 29. Rc5 Qa4 30. Qd2 Qb3 31. Qc2 Qb7 32. Rc7 Qb4 33. Rc8 Kh7 34. Rxf8 Qxf8 35. Qc7 Qf6 36. Qc5 Qf5 37. Qd6 Qf7 38. Qe5 Qd7 39. Kg2 Qf7 40. Kg1 Qd7 41. Kg2 Kg8 42. Qb8+ Kf7 43. Qf4+ Kg6 44. f3 exf3+ 45. Kxf3 1/2-1/2

[Event "Paul Keres mem (30th)"]
[Site "Vancouver CAN"]
[Date "2005.05.20"]
[Round "1.9"]
[White "Lister, Curtis"]
[Black "Davies, Lucas"]
[Result "1/2-1/2"]
[WhiteElo "1936"]
[BlackElo "2157"]
[PlyCount "59"]
[GameId "2160767910968228"]
[EventDate "2005.05.20"]
[EventType "swiss"]
[EventRounds "7"]
[EventCountry "CAN"]

1. Nf3 Nf6 2. Nc3 d5 3. d3 g6 4. g3 Bg7 5. Bg2 O-O 6. O-O c5 7. e4 d4 8. Ne2 Nc6 9. h3 Ne8 10. Nh2 Nd6 11. f4 e5 12. Bd2 Bd7 13. g4 exf4 14. Bxf4 Ne5 15. Qd2 Qe7 16. Bh6 Bxh6 17. Qxh6 f5 18. exf5 gxf5 19. Bd5+ Kh8 20. Nf4 Rf6 21. Qh4 Rf7 22. Qh5 Rg7 23. Rae1 Qf6 24. Bg2 Re8 25. Nd5 Qg6 26. Qxg6 Rxg6 27. Nc7 Re7 28. Nd5 Re8 29. Nc7 Re7 30. Nd5 1/2-1/2

[Event "Paul Keres mem (30th)"]
[Site "Vancouver CAN"]
[Date "2005.05.20"]
[Round "1.10"]
[White "Yearwood, Roy"]
[Black "Jiang, Louie"]
[Result "1-0"]
[WhiteElo "2095"]
[BlackElo "1790"]
[PlyCount "122"]
[GameId "2160767910968229"]
[EventDate "2005.05.20"]
[EventType "swiss"]
[EventRounds "7"]
[EventCountry "CAN"]

1. e4 c5 2. Nf3 d6 3. Bc4 Nf6 4. d3 Nc6 5. O-O e6 6. Re1 Be7 7. Bb3 O-O 8. c3 e5 9. Nbd2 Bg4 10. h3 Bh5 11. a4 a6 12. Nf1 h6 13. g4 Bg6 14. Ne3 Nd7 15. Nd5 Kh8 16. Be3 Nb6 17. Qd2 Kh7 18. Kg2 Nxd5 19. Bxd5 Qd7 20. Nh2 Rae8 21. Nf1 Bd8 22. Ng3 Rg8 23. Rf1 b6 24. f3 Ne7 25. c4 Nxd5 26. cxd5 Be7 27. h4 f6 28. h5 Bf7 29. Nf5 Bf8 30. b4 Rb8 31. Rfb1 Qd8 32. Qc2 Be8 33. Qb3 Bd7 34. bxc5 Bxf5 35. gxf5 dxc5 36. Kh3 Bd6 37. Qc4 Qc8 38. Kh4 a5 39. Ra2 Qc7 40. Rg2 Ra8 41. Rbg1 Qd7 42. Rg6 Rgb8 43. Qc2 Bf8 44. Qg2 Qf7 45. Rb1 Bd6 46. Qd2 Bf8 47. Rb5 Rb7 48. Rg1 Rab8 49. Rgb1 Bd6 50. Qg2 Qe8 51. Bd2 Qd7 52. Qg6+ Kh8 53. Kh3 Bf8 54. Rg1 Qf7 55. Rc1 Qxg6 56. fxg6 Bd6 57. Kg4 Re7 58. Kf5 Ree8 59. Rcb1 Kg8 60. Rxb6 Rxb6 61. Rxb6 Re7 1-0

[Event "Paul Keres mem (30th)"]
[Site "Vancouver CAN"]
[Date "2005.05.20"]
[Round "1.11"]
[White "Long, Hugh"]
[Black "Afrah, Navid"]
[Result "1-0"]
[WhiteElo "1761"]
[BlackElo "2100"]
[PlyCount "77"]
[GameId "2160767910968230"]
[EventDate "2005.05.20"]
[EventType "swiss"]
[EventRounds "7"]
[EventCountry "CAN"]

1. e4 e6 2. d4 d5 3. e5 c5 4. c3 Nc6 5. f4 Qb6 6. Nf3 Nge7 7. Bd3 Nf5 8. Bxf5 exf5 9. a3 Be6 10. b4 cxb4 11. cxb4 a5 12. b5 Qxb5 13. Nc3 Qa6 14. a4 Rc8 15. Nb5 Nb4 16. O-O Bd7 17. Qe2 Rc2 18. Bd2 Bxb5 19. axb5 Qb6 20. Rfc1 Rxc1+ 21. Rxc1 Kd7 22. Ng5 Be7 23. Nxf7 Ra8 24. e6+ Ke8 25. Ne5 g6 26. Nd7 Qxd4+ 27. Be3 Qd3 28. Qxd3 Nxd3 29. Rc7 a4 30. Bb6 a3 31. Bd4 Nxf4 32. Nf6+ Bxf6 33. Bxf6 a2 34. Re7+ Kf8 35. Rf7+ Kg8 36. Rg7+ Kf8 37. e7+ Ke8 38. Rg8+ Kf7 39. Rxa8 1-0

[Event "Paul Keres mem (30th)"]
[Site "Vancouver CAN"]
[Date "2005.05.20"]
[Round "1.12"]
[White "Ingram, Richard"]
[Black "Collins, Casey"]
[Result "1/2-1/2"]
[WhiteElo "2088"]
[BlackElo "1716"]
[PlyCount "121"]
[GameId "2160767910968231"]
[EventDate "2005.05.20"]
[EventType "swiss"]
[EventRounds "7"]
[EventCountry "CAN"]

1. e4 e5 2. Nf3 Nc6 3. Bb5 a6 4. Bxc6 dxc6 5. O-O Bg4 6. h3 Bxf3 7. Qxf3 Qf6 8. Qe3 O-O-O 9. Qa7 b6 10. Qxa6+ Kd7 11. a4 Bc5 12. d3 Ne7 13. Be3 Ra8 14. Qc4 Bd6 15. Nc3 Qe6 16. Qxe6+ fxe6 17. Ne2 Rhf8 18. d4 Rf7 19. dxe5 Bxe5 20. Rfd1+ Kc8 21. Nd4 Bxd4 22. Bxd4 Ng6 23. g3 Kb7 24. Bc3 h5 25. h4 e5 26. a5 Raf8 27. Rd2 b5 28. Bb4 Re8 29. Bc5 Ka6 30. b4 Nf8 31. Rad1 Ne6 32. Be3 Ree7 33. c3 Rf8 34. Rd7 Rff7 35. Rxe7 Rxe7 36. Kg2 Rf7 37. Rd2 Re7 38. Bg5 Rf7 39. Rd3 c5 40. Rd5 cxb4 41. cxb4 Nxg5 42. hxg5 Re7 43. g4 hxg4 44. Kg3 Rf7 45. Rxe5 Rf3+ 46. Kxg4 Rxf2 47. Re6+ Ka7 48. Re7 Kb7 49. a6+ Kxa6 50. Rxc7 Rb2 51. Rxg7 Rxb4 52. Re7 Rb1 53. g6 Rg1+ 54. Kf5 b4 55. g7 b3 56. Re6+ Kb5 57. Rg6 Rf1+ 58. Ke5 b2 59. g8=Q b1=Q 60. Qd5+ Ka4 61. Qc4+ 1/2-1/2

[Event "Paul Keres mem (30th)"]
[Site "Vancouver CAN"]
[Date "2005.05.20"]
[Round "1.13"]
[White "Sullivan, Brian"]
[Black "Radzikowski, Marek"]
[Result "0-1"]
[WhiteElo "1706"]
[BlackElo "2083"]
[PlyCount "88"]
[GameId "2160767910968232"]
[EventDate "2005.05.20"]
[EventType "swiss"]
[EventRounds "7"]
[EventCountry "CAN"]

1. d4 g6 2. c4 Bg7 3. Nc3 d6 4. e3 Nf6 5. Bd3 O-O 6. Nge2 e5 7. O-O Nbd7 8. Qc2 exd4 9. exd4 d5 10. Be3 dxc4 11. Bxc4 Nb6 12. Bd3 Nbd5 13. Rac1 Nxe3 14. fxe3 Re8 15. Nd1 c6 16. Ng3 h5 17. h3 Qd6 18. Rf3 Be6 19. Nc3 Rad8 20. Qf2 h4 21. Nge4 Nxe4 22. Nxe4 Qe7 23. Nc3 f5 24. g3 hxg3 25. Rxg3 Bf7 26. b3 Bh6 27. Nd1 Rxd4 28. Qxf5 Rd6 29. Bc4 Kf8 30. Qxf7+ Qxf7 31. Bxf7 Kxf7 32. Rf3+ Kg7 33. Kf1 Rd2 34. Rf2 Red8 35. Ke1 Rxf2 36. Nxf2 Bxe3 37. Rc2 c5 38. Ng4 Bd4 39. b4 b6 40. bxc5 bxc5 41. Ke2 Rh8 42. Kd3 Rxh3+ 43. Ke4 Rh5 44. Rc4 Rg5 0-1

[Event "Paul Keres mem (30th)"]
[Site "Vancouver CAN"]
[Date "2005.05.20"]
[Round "1.14"]
[White "North, Robert"]
[Black "Krzyzowski, Ernest"]
[Result "0-1"]
[WhiteElo "2081"]
[BlackElo "1653"]
[PlyCount "48"]
[GameId "2160767910968233"]
[EventDate "2005.05.20"]
[EventType "swiss"]
[EventRounds "7"]
[EventCountry "CAN"]

1. d4 f5 2. Nc3 d5 3. Bg5 h6 4. Bf4 Nf6 5. Be5 e6 6. e3 c6 7. Bd3 Nbd7 8. h3 Bb4 9. Nge2 Nxe5 10. dxe5 Ne4 11. Bxe4 fxe4 12. a3 Ba5 13. O-O O-O 14. Nf4 Qe8 15. Qg4 Rf5 16. h4 Bc7 17. f3 exf3 18. Rxf3 Bxe5 19. Raf1 Bxf4 20. exf4 Bd7 21. Qg3 Qe7 22. Qf2 Raf8 23. g3 b6 24. Nd1 e5 0-1

[Event "Paul Keres mem (30th)"]
[Site "Vancouver CAN"]
[Date "2005.05.20"]
[Round "1.15"]
[White "Raymer, Evan"]
[Black "Hughey, Micah"]
[Result "0-1"]
[WhiteElo "1651"]
[BlackElo "2057"]
[PlyCount "158"]
[GameId "2160767910968234"]
[EventDate "2005.05.20"]
[EventType "swiss"]
[EventRounds "7"]
[EventCountry "CAN"]

1. e4 e5 2. Nf3 Nc6 3. Nc3 Nf6 4. Bb5 Nd4 5. Bc4 Bc5 6. Nxe5 O-O 7. O-O Qe7 8. Nf3 Nxe4 9. Nxd4 Bxd4 10. Nxe4 Qxe4 11. d3 Qh4 12. c3 Bb6 13. Qf3 c6 14. d4 d5 15. Bd3 Bc7 16. h3 h5 17. Bf5 Qf6 18. Bxc8 Qxf3 19. gxf3 Raxc8 20. Bg5 Rfe8 21. Rfe1 Re6 22. Rxe6 fxe6 23. Re1 Kf7 24. Bh4 g5 25. Bxg5 Rg8 26. h4 Bf4 27. Kg2 Bxg5 28. hxg5 Rxg5+ 29. Kh3 Kf6 30. Kh4 Rf5 31. Re3 e5 32. dxe5+ Rxe5 33. Rxe5 Kxe5 34. Kg5 h4 35. f4+ Ke4 36. f5 h3 37. f6 h2 38. f7 h1=Q 39. f8=Q Qg2+ 40. Kh6 Qh3+ 41. Kg7 Qg4+ 42. Kh8 Qh5+ 43. Kg8 Qg5+ 44. Kh8 Qe5+ 45. Kg8 Qe6+ 46. Kh8 b6 47. Qa3 Qf6+ 48. Kg8 c5 49. Qxa7 d4 50. Qb7+ Kd3 51. Qa6+ Kc2 52. cxd4 cxd4 53. Qe2+ Kc1 54. Qd3 Kxb2 55. f3 Kxa2 56. Kh7 Kb2 57. Kg8 Kc1 58. Kh7 Qe7+ 59. Kg6 Qe3 60. Qf1+ Kc2 61. Qc4+ Kd1 62. Qf1+ Kd2 63. Qg2+ Kc3 64. f4 d3 65. Qc6+ Kb2 66. Qb5+ Kc1 67. Qc4+ Kd1 68. f5 d2 69. f6 Ke1 70. f7 d1=Q 71. Qb4+ Ke2 72. f8=Q Qdg1+ 73. Kf7 Qgf2+ 74. Kg8 Qg2+ 75. Qg7 Qe6+ 76. Kh8 Qh2+ 77. Qh7 Qee5+ 78. Kg8 Qe8+ 79. Kg7 Qd7+ 0-1

[Event "Paul Keres mem (30th)"]
[Site "Vancouver CAN"]
[Date "2005.05.20"]
[Round "1.16"]
[White "Niksic, John"]
[Black "Cameanii, Valerii"]
[Result "1-0"]
[WhiteElo "2059"]
[BlackElo "1500"]
[PlyCount "71"]
[GameId "2160767910968235"]
[EventDate "2005.05.20"]
[EventType "swiss"]
[EventRounds "7"]
[EventCountry "CAN"]

1. Nf3 d5 2. d4 e6 3. g3 Nf6 4. Bg2 Be7 5. c4 c6 6. Nc3 Nbd7 7. O-O O-O 8. a4 Re8 9. Re1 a6 10. a5 Bb4 11. Qa4 Bxc3 12. bxc3 Ne4 13. Qc2 Nd6 14. Nd2 Nf6 15. Ba3 e5 16. cxd5 cxd5 17. e4 dxe4 18. dxe5 Rxe5 19. Bxd6 Qxd6 20. Nc4 Qe6 21. Nxe5 Qxe5 22. Bxe4 Qh5 23. Qe2 Bg4 24. f3 Be6 25. Bxb7 Qc5+ 26. Qe3 Qxe3+ 27. Rxe3 Rb8 28. Bxa6 Rb2 29. Re2 Rb8 30. c4 Nd7 31. Bb5 Nc5 32. Rd1 Kf8 33. g4 Ke7 34. h3 Kf6 35. f4 Bd7 36. Bxd7 1-0

[Event "Paul Keres mem (30th)"]
[Site "Vancouver CAN"]
[Date "2005.05.20"]
[Round "1.17"]
[White "Gaulin, Richard"]
[Black "Tegzes, Laszlo"]
[Result "0-1"]
[WhiteElo "1475"]
[BlackElo "2051"]
[PlyCount "76"]
[GameId "2160767910968236"]
[EventDate "2005.05.20"]
[EventType "swiss"]
[EventRounds "7"]
[EventCountry "CAN"]

1. d4 Nf6 2. c4 g6 3. Nc3 Bg7 4. e4 d6 5. f3 O-O 6. Be3 e5 7. Nge2 Nc6 8. Qd2 Re8 9. h4 exd4 10. Nxd4 h5 11. O-O-O a6 12. Nxc6 bxc6 13. Bg5 Qd7 14. Bd3 Rb8 15. Bc2 Qe6 16. Qd3 Nd7 17. b3 Qe5 18. Bd2 Qc5 19. Kb1 Ne5 20. Qe2 Nxc4 21. Be1 d5 22. Bd3 Na3+ 23. Kb2 Nb5 24. Bxb5 axb5 25. a3 d4 26. Rc1 b4 27. axb4 Qxb4 28. Qd1 dxc3+ 29. Bxc3 Bxc3+ 30. Rxc3 Be6 31. Re1 Red8 32. Qc2 Ra8 33. Ra1 Rxa1 34. Kxa1 Ra8+ 35. Kb1 c5 36. g4 hxg4 37. fxg4 c4 38. Qb2 c6 0-1

[Event "Paul Keres mem (30th)"]
[Site "Vancouver CAN"]
[Date "2005.05.21"]
[Round "2.1"]
[White "Orlov, Georgi"]
[Black "Ingram, Richard"]
[Result "1-0"]
[WhiteElo "2612"]
[BlackElo "2088"]
[PlyCount "85"]
[GameId "2160767910968237"]
[EventDate "2005.05.20"]
[EventType "swiss"]
[EventRounds "7"]
[EventCountry "CAN"]

1. Nf3 Nf6 2. c4 d6 3. d4 g6 4. Nc3 Bg7 5. e4 O-O 6. Be2 Na6 7. Bg5 c5 8. Qd2 cxd4 9. Nxd4 Nc5 10. f3 Ne6 11. Be3 Nxd4 12. Bxd4 Qa5 13. a3 Bd7 14. b4 Qc7 15. O-O Nh5 16. Nd5 Qd8 17. f4 Bxd4+ 18. Qxd4 Ng7 19. Bd3 f5 20. Rae1 e6 21. Nc3 Qb6 22. c5 dxc5 23. bxc5 Qc7 24. exf5 Nxf5 25. Qf2 b6 26. Ne4 e5 27. Qb2 Rae8 28. fxe5 Be6 29. cxb6 axb6 30. Nf6+ Kg7 31. Nxe8+ Rxe8 32. Rc1 Qb7 33. Bb5 Rd8 34. Bc6 Qa7 35. Rfd1 Rxd1+ 36. Rxd1 Qc7 37. Rc1 Qd8 38. Be4 Ne7 39. Qc3 Nd5 40. Qd2 Qg8 41. Bxd5 Bxd5 42. Rc7+ Kh8 43. Qf4 1-0

[Event "Paul Keres mem (30th)"]
[Site "Vancouver CAN"]
[Date "2005.05.21"]
[Round "2.2"]
[White "Radzikowski, Marek"]
[Black "Schulte, Oliver"]
[Result "0-1"]
[WhiteElo "2083"]
[BlackElo "2435"]
[PlyCount "82"]
[GameId "2160767910968238"]
[EventDate "2005.05.20"]
[EventType "swiss"]
[EventRounds "7"]
[EventCountry "CAN"]

1. Nf3 Nf6 2. g3 d5 3. Bg2 Bg4 4. d3 Nbd7 5. Nbd2 e5 6. O-O Bd6 7. e4 c6 8. h3 Bh5 9. exd5 cxd5 10. Re1 O-O 11. Nf1 Re8 12. Bg5 Qb6 13. Ne3 Qxb2 14. c4 e4 15. Bxf6 Nxf6 16. dxe4 dxe4 17. Qd4 Be5 18. Qxb2 Bxb2 19. Nh4 Bxa1 20. Rxa1 Rad8 21. g4 Bg6 22. g5 Nd7 23. Rd1 Nc5 24. Nd5 Kf8 25. Rd4 b6 26. Kh2 Re5 27. Nxg6+ hxg6 28. h4 b5 29. Bf1 Ne6 30. Rd1 Nf4 31. Ne3 Rxd1 32. Nxd1 b4 33. Nb2 Ra5 34. Kg3 Ne6 35. Bg2 Rxa2 36. Nd1 Nc5 37. Kf4 Rd2 38. Ne3 b3 39. h5 b2 40. h6 gxh6 41. gxh6 b1=Q 0-1

[Event "Paul Keres mem (30th)"]
[Site "Vancouver CAN"]
[Date "2005.05.21"]
[Round "2.3"]
[White "Yoos, John"]
[Black "Niksic, John"]
[Result "1-0"]
[WhiteElo "2417"]
[BlackElo "2059"]
[PlyCount "65"]
[GameId "2160767910968239"]
[EventDate "2005.05.20"]
[EventType "swiss"]
[EventRounds "7"]
[EventCountry "CAN"]

1. e4 e6 2. d4 d5 3. e5 c5 4. c3 Qb6 5. Nf3 Nc6 6. a3 c4 7. Nbd2 Bd7 8. b3 cxb3 9. Nxb3 Na5 10. Nxa5 Qxa5 11. Bd2 Qa4 12. Qb1 b6 13. Bd3 Ne7 14. O-O Ng6 15. h4 Be7 16. g3 Nf8 17. h5 h6 18. Rc1 Rc8 19. Ne1 Kd8 20. Ng2 Rc7 21. Ne3 g6 22. hxg6 fxg6 23. c4 dxc4 24. Nxc4 b5 25. Ba5 bxc4 26. Bxc7+ Ke8 27. Rxc4 Qb5 28. Rb4 Qc6 29. Bxg6+ Nxg6 30. Qxg6+ Kf8 31. Rb8+ Be8 32. d5 Qb5 33. dxe6 1-0

[Event "Paul Keres mem (30th)"]
[Site "Vancouver CAN"]
[Date "2005.05.21"]
[Round "2.4"]
[White "Hughey, Micah"]
[Black "Berry, Jonathan"]
[Result "0-1"]
[WhiteElo "2057"]
[BlackElo "2306"]
[PlyCount "90"]
[GameId "2160767910968240"]
[EventDate "2005.05.20"]
[EventType "swiss"]
[EventRounds "7"]
[EventCountry "CAN"]

1. e4 d6 2. d4 g6 3. Nc3 a6 4. Be3 b5 5. Qd2 Nd7 6. O-O-O Bb7 7. f3 c5 8. Nge2 Rc8 9. h4 h5 10. g3 Ngf6 11. Bh3 b4 12. Nb1 e6 13. Bg5 Be7 14. Rhe1 O-O 15. Nf4 cxd4 16. Qxd4 e5 17. Qxb4 Qc7 18. Nc3 exf4 19. Bxd7 Qxd7 20. e5 d5 21. Qxf4 Ne8 22. Bxe7 Qxe7 23. Nxd5 Qe6 24. Nc3 Rc4 25. Qe3 Ng7 26. Rd6 Qe7 27. Qd3 Rc7 28. Nd5 Bxd5 29. Rxd5 Rfc8 30. c3 Rc6 31. Kb1 Qe6 32. Rd1 Nf5 33. f4 Kg7 34. Rd7 R6c7 35. Rd5 Rc6 36. Rd7 a5 37. Ra7 Rc5 38. Qd7 Kg8 39. Qb7 Rf8 40. Rd7 Nxg3 41. a3 Ne2 42. Rd6 Qf5+ 43. Ka1 Nxf4 44. Rf6 Qxe5 45. Qb6 Rd5 0-1

[Event "Paul Keres mem (30th)"]
[Site "Vancouver CAN"]
[Date "2005.05.21"]
[Round "2.5"]
[White "Tegzes, Laszlo"]
[Black "McLaren, Brian"]
[Result "1/2-1/2"]
[WhiteElo "2051"]
[BlackElo "2246"]
[PlyCount "55"]
[GameId "2160767910968241"]
[EventDate "2005.05.20"]
[EventType "swiss"]
[EventRounds "7"]
[EventCountry "CAN"]

1. e4 Nf6 2. e5 Nd5 3. c4 Nb6 4. c5 Nd5 5. Bc4 e6 6. Nc3 Nxc3 7. dxc3 Nc6 8. Bf4 Bxc5 9. Qg4 g5 10. Bxg5 Rg8 11. Nh3 Be7 12. f4 Bxg5 13. O-O Nxe5 14. Qh5 Nxc4 15. Qxh7 Rf8 16. fxg5 Ne5 17. Rf6 Qe7 18. Raf1 d6 19. g6 Nxg6 20. Rxf7 Rxf7 21. Qxg6 Kf8 22. Ng5 Rxf1+ 23. Kxf1 Qe8 24. Nh7+ Ke7 25. Qg5+ Kf7 26. Qh5+ Ke7 27. Qg5+ Kf7 28. Qh5+ 1/2-1/2

[Event "Paul Keres mem (30th)"]
[Site "Vancouver CAN"]
[Date "2005.05.21"]
[Round "2.6"]
[White "Lane, Travis"]
[Black "Kaminski, Victor"]
[Result "1/2-1/2"]
[WhiteElo "1989"]
[BlackElo "2173"]
[PlyCount "104"]
[GameId "2160767910968242"]
[EventDate "2005.05.20"]
[EventType "swiss"]
[EventRounds "7"]
[EventCountry "CAN"]

1. e4 c5 2. Nf3 Nc6 3. d4 cxd4 4. Nxd4 g6 5. c4 Bg7 6. Be3 Nf6 7. Nc3 Ng4 8. Qxg4 Nxd4 9. Qd1 Ne6 10. Qd2 O-O 11. Be2 d6 12. O-O Bd7 13. Rac1 Bc6 14. b4 b6 15. Nd5 Kh8 16. Rfd1 Rb8 17. Bh6 f5 18. exf5 gxf5 19. Bxg7+ Nxg7 20. Rc3 e5 21. Rh3 Bxd5 22. Qxd5 Rf6 23. c5 bxc5 24. bxc5 Ne8 25. Bc4 Nc7 26. Qd2 d5 27. f4 Qe7 28. fxe5 Qxc5+ 29. Qd4 Qxd4+ 30. Rxd4 Re6 31. Bxd5 Rxe5 32. Bb3 Re7 33. Rf4 Rf8 34. Rhf3 Re5 35. Bc2 Ne6 36. Rxf5 Rexf5 37. Rxf5 Rxf5 38. Bxf5 Nd4 39. Bd3 Kg7 40. Kf2 h6 41. Ke3 Nc6 42. Ke4 Kf6 43. Bc4 Ne5 44. Bb3 h5 45. Bd1 h4 46. Kd4 Kf5 47. Kc5 Kf4 48. Be2 Ke3 49. Kd5 Kxe2 50. Kxe5 Kf2 51. g4 hxg3 52. hxg3 Kxg3 1/2-1/2

[Event "Paul Keres mem (30th)"]
[Site "Vancouver CAN"]
[Date "2005.05.21"]
[Round "2.7"]
[White "Pitre, Hanniegn"]
[Black "Yearwood, Roy"]
[Result "0-1"]
[WhiteElo "1987"]
[BlackElo "2095"]
[PlyCount "42"]
[GameId "2160767910968243"]
[EventDate "2005.05.20"]
[EventType "swiss"]
[EventRounds "7"]
[EventCountry "CAN"]

1. e4 c6 2. d4 d5 3. Nc3 b5 4. e5 Bf5 5. a3 e6 6. Be3 Nd7 7. Nf3 a6 8. Be2 h5 9. h4 Nh6 10. Bxh6 Rxh6 11. Ng5 Be7 12. f4 c5 13. Bxh5 g6 14. g4 cxd4 15. gxf5 dxc3 16. fxg6 fxg6 17. Bxg6+ Rxg6 18. Qh5 Nf8 19. O-O-O Bxa3 20. Nxe6 Bxb2+ 21. Kb1 Qa5 0-1

[Event "Paul Keres mem (30th)"]
[Site "Vancouver CAN"]
[Date "2005.05.21"]
[Round "2.8"]
[White "Quilter, Thomas"]
[Black "Long, Hugh"]
[Result "1-0"]
[WhiteElo "2190"]
[BlackElo "1761"]
[PlyCount "77"]
[GameId "2160767910968244"]
[EventDate "2005.05.20"]
[EventType "swiss"]
[EventRounds "7"]
[EventCountry "CAN"]

1. e4 e5 2. Nf3 Nc6 3. Bc4 Nf6 4. d3 Be7 5. Nc3 d6 6. h3 Be6 7. Bxe6 fxe6 8. d4 exd4 9. Nxd4 Nxd4 10. Qxd4 O-O 11. Be3 a6 12. Rd1 e5 13. Qc4+ Kh8 14. O-O Qd7 15. f4 exf4 16. Bxf4 Nh5 17. Bh2 Rxf1+ 18. Rxf1 Nf6 19. e5 dxe5 20. Rd1 Bd6 21. Bxe5 b5 22. Qf1 Qe6 23. Bxd6 cxd6 24. Qd3 Rd8 25. a4 b4 26. Nd5 Nxd5 27. Qxd5 Qe3+ 28. Kh1 Qb6 29. c4 bxc3 30. bxc3 h6 31. Rd4 a5 32. Qf7 Qb1+ 33. Kh2 Qe1 34. Qf3 Qe5+ 35. g3 Qc5 36. Rg4 Rd7 37. Re4 Rd8 38. Re7 g5 39. Qd3 1-0

[Event "Paul Keres mem (30th)"]
[Site "Vancouver CAN"]
[Date "2005.05.21"]
[Round "2.9"]
[White "Wu, Howard"]
[Black "Kostin, Andrey"]
[Result "1-0"]
[WhiteElo "2160"]
[BlackElo "1974"]
[PlyCount "39"]
[GameId "2160767910968245"]
[EventDate "2005.05.20"]
[EventType "swiss"]
[EventRounds "7"]
[EventCountry "CAN"]

1. Nf3 d5 2. c4 c6 3. g3 Nf6 4. Bg2 Bf5 5. O-O e6 6. d4 Nbd7 7. Nc3 Bd6 8. Nh4 Bg6 9. Bg5 Qc7 10. Nxg6 hxg6 11. cxd5 exd5 12. Rc1 Qb8 13. Qa4 Rh5 14. Bxf6 gxf6 15. e4 Nb6 16. Qc2 dxe4 17. Nxe4 Nd5 18. Bf3 Rh7 19. Nc5 Nb6 20. Nxb7 1-0

[Event "Paul Keres mem (30th)"]
[Site "Vancouver CAN"]
[Date "2005.05.21"]
[Round "2.10"]
[White "Davies, Lucas"]
[Black "Veszely, Frank"]
[Result "1-0"]
[WhiteElo "2157"]
[BlackElo "1922"]
[PlyCount "115"]
[GameId "2160767910968246"]
[EventDate "2005.05.20"]
[EventType "swiss"]
[EventRounds "7"]
[EventCountry "CAN"]

1. e4 c5 2. Nf3 e6 3. d4 cxd4 4. Nxd4 Nf6 5. Nc3 Bb4 6. Bd3 Nc6 7. Be3 d5 8. Nxc6 bxc6 9. e5 d4 10. exf6 Qxf6 11. Be4 e5 12. O-O dxc3 13. b3 Ba6 14. Re1 O-O 15. Qg4 Be7 16. Qd7 Rfd8 17. Qxc6 Qxc6 18. Bxc6 Rac8 19. Ba4 f6 20. Rad1 Be2 21. Rxd8+ Rxd8 22. f3 Bd1 23. b4 Bxb4 24. Bb3+ Kf8 25. Bxa7 Rd2 26. Be3 Rd6 27. Kf2 Ke8 28. f4 e4 29. Rg1 f5 30. h3 h5 31. Re1 h4 32. Rg1 Ke7 33. g4 hxg3+ 34. Rxg3 Kf6 35. Rg5 Rd7 36. Rg1 g6 37. Rg3 Bf3 38. Rg1 Rd8 39. Kg3 Kg7 40. Kf2 Be7 41. Kg3 Bf6 42. Ra1 Rh8 43. Bc4 Rc8 44. Be6 Rc6 45. Bb3 Kh6 46. a4 Kh5 47. a5 Bh4+ 48. Kh2 Be2 49. Bd5 Rd6 50. Bb7 Ba6 51. Rb1 Bd8 52. Bxa6 Rxa6 53. Rb8 Rd6 54. a6 Rxa6 55. Rxd8 g5 56. fxg5 Ra2 57. Rd6 Rxc2+ 58. Kg3 1-0

[Event "Paul Keres mem (30th)"]
[Site "Vancouver CAN"]
[Date "2005.05.21"]
[Round "2.11"]
[White "Meng, Fanhao"]
[Black "Lister, Curtis"]
[Result "1-0"]
[WhiteElo "2255"]
[BlackElo "1936"]
[PlyCount "41"]
[GameId "2160767910968247"]
[EventDate "2005.05.20"]
[EventType "swiss"]
[EventRounds "7"]
[EventCountry "CAN"]

1. e4 d6 2. d4 Nf6 3. Nc3 g6 4. Be3 Bg7 5. f3 c6 6. Qd2 h6 7. O-O-O b5 8. g4 h5 9. g5 Nfd7 10. f4 Nb6 11. Nf3 Bg4 12. Qf2 b4 13. Nb1 a5 14. Bd3 Qc8 15. Rdf1 Bxf3 16. Qxf3 O-O 17. f5 N8d7 18. Qh3 c5 19. fxg6 fxg6 20. Qe6+ Kh7 21. Qxg6+ 1-0

[Event "Paul Keres mem (30th)"]
[Site "Vancouver CAN"]
[Date "2005.05.21"]
[Round "2.12"]
[White "Afrah, Navid"]
[Black "Jiang, Louie"]
[Result "1-0"]
[WhiteElo "2100"]
[BlackElo "1790"]
[PlyCount "97"]
[GameId "2160767910968248"]
[EventDate "2005.05.20"]
[EventType "swiss"]
[EventRounds "7"]
[EventCountry "CAN"]

1. e4 c5 2. Nf3 d6 3. d4 cxd4 4. Nxd4 Nf6 5. Nc3 g6 6. Be2 Bg7 7. Be3 O-O 8. O-O Nc6 9. f3 a6 10. Qd2 Bd7 11. a4 Rc8 12. Nxc6 Bxc6 13. Rfd1 Qc7 14. a5 Nd7 15. Kh1 Rfe8 16. Ra2 Nf8 17. b4 e6 18. Bd4 Bxd4 19. Qxd4 Red8 20. Ra3 Be8 21. Rd2 Bc6 22. Nd1 Qe7 23. Ne3 d5 24. exd5 Bxd5 25. Ng4 e5 26. Qxe5 Qxe5 27. Nxe5 Be6 28. Rxd8 Rxd8 29. Rd3 Re8 30. Re3 Rd8 31. Kg1 Rd4 32. c3 Rd2 33. f4 Rb2 34. Bf3 f6 35. Nd3 Rb1+ 36. Kf2 Bc4 37. Bxb7 Ne6 38. Bc8 Ng7 39. Bg4 h5 40. Be2 Bb5 41. Nc5 Rb2 42. Ke1 Rb1+ 43. Kd2 Rb2+ 44. Kd1 Nf5 45. Re6 Rb1+ 46. Kc2 Re1 47. Bxb5 Rxe6 48. Nxe6 axb5 49. a6 1-0